Berries: situación actual y perspectivas

Salvato in:
Dettagli Bibliografici
Ente Autore: CORFO (Autore)
Natura: Libro
Lingua:spagnolo
Pubblicazione: Santiago CORFO 1980
Soggetti:
Tags: Aggiungi Tag
Nessun Tag, puoi essere il primo ad aggiungerne!!

MARC

LEADER 00000nam a2200000 a 4500
001 UCV7439
003 CL-VaPUC
008 920312e19800000CL |||||||||||||||||spa|d
082 0 4 |a 634.7  |b COR  |2 21 
110 2 |a CORFO  |e author  |9 301564 
245 1 0 |a Berries: situación actual y perspectivas 
300 |a 118 p 
942 |c BK 
945 |d 19920312 00:00:00 
260 |a Santiago  |b CORFO  |c 1980 
650 7 |a BAYAS COMERCIALIZACION  |2 CL-VaPUC  |9 264845 
651 7 |a CHILE  |2 CL-VaPUC  |9 301565 
583 |a last modification  |c 19920312 00:00:00  |k Rodrigo Vera 
999 |c 213120  |d 213118